Countries that Feature Women on Their Banknotes - Statistics

General Stats
  • This quiz has been taken 52 times
  • The average score is 31 of 56
Answer Stats
Country Woman % Correct
United Kingdom Queen Elizabeth II
100%
United Kingdom Elizabeth Fry
100%
Australia Edith Cowan
92%
Australia Mary Glimore
92%
Australia Nellie Melba
92%
Australia Queen Elizabeth II
92%
Canada Queen Elizabeth II
87%
Sweden Astrid Lindgren
85%
Sweden Jenny Lind
85%
Sweden Birgit Nilsson
85%
Sweden Greta Garbo
85%
Argentina Eva Perón
82%
Japan Higuchi Ichiyō
79%
New Zealand Kate Sheppard
77%
New Zealand Queen Elizabeth II
77%
Peru Rose of Lima
77%
Chile Gabriela Mistral
72%
Mexico Frida Kahlo (and Diego Rivera)
67%
Mexico Sor Juana Inés de la Cruz
67%
Norway Kirsten Falgstad
67%
Norway Sigrid Undset
67%
Venezuela Luisa Cáceres de Arismendi
67%
Antigua and Barbuda Queen Elizabeth II
62%
Colombia Policarpa Salavarrieta
62%
Iceland Ragnheiður Jónsdóttir
62%
Uruguay Juana de Ibarbourou
56%
Saint Kitts and Nevis Queen Elizabeth II
54%
Saint Lucia Queen Elizabeth II
54%
Jamaica Nanny of the Maroons
51%
Saint Vincent and the Grenadines Queen Elizabeth II
51%
Bahamas Queen Elizabeth II
49%
Czech Republic Agnes of Bohemia
49%
Czech Republic Božena Němcová
49%
Czech Republic Emmy Destinn
49%
Dominica Queen Elizabeth II
49%
Philippines Corazon C. Aquino
49%
Philippines Josefa Llanes Escoda
49%
Ukraine Lesya Ukrainka
49%
Serbia Nadežda Petrović
46%
Switzerland Sophie Taeuber-Arp
44%
Turkey Fatma Aliye Topuz
44%
South Korea Shin Saimdang
38%
Belize Queen Elizabeth II
36%
Grenada Queen Elizabeth II
36%
Dominican Republic Mirabal sisters
33%
Dominican Republic Salomé Ureña
33%
Albania Queen Teuta
28%
Costa Rica Carmen Lyra
28%
Tunisia Dido
26%
Cape Verde Cesária Évora
23%
Haiti Catherine Flon Arcahaie
23%
Nigeria Ladi Kwali
13%
Syria Zenobia
13%
Georgia Queen Tamar
8%
Kyrgyzstan Kurmanjan Datka
5%
Malawi Rose Lomathinda Chibambo
5%
No matching quizzes found
Score Distribution
Percent of People with Each Score
Percentile by Number Answered
Your Score History
You have not taken this quiz